000 00493nam a2200193 a 4500
001 1762256540588
003 ACL
005 20251104171501.0
008 251104s1957##################000#0#eng##
020 _a9780415176897
082 0 4 _a658.3111
_bWIL
100 1 _aWilliams, Gertrude,
_eauthor.
245 1 0 _aRecruitment to Skilled Trades :
260 _bPsychology Press,
_c1957.
300 _a232 pages
650 0 _aBusiness & Economics.
942 _cENGLISH
040 _aACL
_beng
_cACL
999 _c595675
_d595675